| 000 | 00578nam a2200193 a 4500 | ||
|---|---|---|---|
| 003 | OSt | ||
| 005 | 20240226155050.0 | ||
| 008 | 180228t pk | |||| 000 0 urd d | ||
| 040 | _c0 | ||
| 082 |
_a891.4393 _bHAJ |
||
| 100 | 1 | 0 |
_aحجازی،نسيم _947098 |
| 245 | 1 | 0 |
_aپاکستان سےديارحرم تک _cNaseem Hajazi |
| 246 | _aPakistan Say Diyar e Haram Tak | ||
| 260 |
_aLahore: _bJahangir Books; |
||
| 300 | _a127 p. | ||
| 650 |
_aUrdu fiction _vSafar Nama _9121349 |
||
| 650 |
_aاردو ادب _vسفر نامھ _9121350 |
||
| 942 |
_2ddc _cBK _aSADA _k891.4393 HAJ |
||
| 999 |
_c608257 _d608257 |
||